| 000 | 02471nam a2200529 i 4500 | ||
|---|---|---|---|
| 001 | 47201 | ||
| 003 | KOSZ 005 | ||
| 005 | 20210201103114.0 | ||
| 008 | 981030s1987 pl a f |100 0 pol | ||
| 015 | _aPB 1987/5089 | ||
| 040 |
_aWA N _cWA N _dKOSZ 005/HR |
||
| 041 | 0 |
_apol _bger |
|
| 046 | _k1987 | ||
| 080 | _a628.1/.8 | ||
| 080 | _a(06) | ||
| 245 | 0 | 0 |
_aII Ogólnopolska konferencja naukowa na temat Kompleksowe i szczegółowe problemy inżynierii środowiska : _bzbiór referatów. _nZ. 9 - monotematyczny, _pBadania modelowe toksyczności słonych wód kopalnianych na organizm wskaźnikowy / _caut. Maria Wójcik-Szwedzińska, Zdzisław Bialik ; Instytut Inżynierii Sanitarnej. Politechnika Częstochowska ; [red. nacz. Tadeusz Piecuch]. |
| 246 | 1 | 5 | _aPolnische wissenschaftliche Konferenz zum Thema Komplex -und Detailprobleme der Umweltschutz, 2. |
| 246 | 1 | 5 | _aModelluntersuchungen der toxischen Wirkung der salzhaltigen Grubenwässer gegen Indikatororganismen. |
| 246 | 1 | 5 | _aKompleksowe i szczegółowe problemy inżynierii środowiska |
| 246 | 1 | 5 | _aBadania modelowe toksyczności słonych wód kopalnianych na organizm wskaźnikowy |
| 260 |
_aCzęstochowa ; _aUstronie Morskie : _bPC, _c1987. |
||
| 300 |
_a 66 s. : _brys. ; _c24 cm. |
||
| 336 |
_2rdacontent _aTekst _btxt |
||
| 337 |
_2rdamedia _aBez urządzenia pośredniczącego _bn |
||
| 338 |
_2rdacarrier _aWolumin _bnc |
||
| 380 | _aKsiążki | ||
| 380 | _aPublikacje naukowe | ||
| 388 | _a1901-2000 | ||
| 388 | _a1945-1989 | ||
| 500 | _aTyt. równol :II Polnische wissenschaftliche Konferenz zum Thema Komplex - und Detailprobleme der Umweltschutz ; Modelluntersuchungen der toxischen Wirkung der salzhaltigen Grubenwässer gegen Indikatororganismen. | ||
| 504 | _aBibliogr. przy ref. | ||
| 546 | _aSpis treści także niem. | ||
| 650 | 4 | _aWoda | |
| 650 | 4 | _aKontrola jakości | |
| 650 | 4 | _aWęgiel kamienny | |
| 650 | 4 | _aGórnictwo | |
| 650 | 4 | _aWpływ na środowisko | |
| 650 | 4 | _aInżynieria środowiska | |
| 655 | 4 | _aMateriały konferencyjne | |
| 658 | _aOchrona środowiska | ||
| 658 | _aInżynieria i technika | ||
| 700 | 1 |
_aPiecuch, Tadeusz _d(1946-2018) _eRedakcja |
|
| 700 | 1 |
_aWójcik-Szwedzińska, Maria. _eAutor |
|
| 700 | 1 |
_aBialik, Zdzisław _eAutor |
|
| 856 |
_uhttp://koha.tu.koszalin.pl/cgi-bin/koha/opac-detail.pl?biblionumber=47201 _yKatalog online BPK |
||
| 942 |
_2UKD _cKS |
||
| 999 |
_c47201 _d47201 |
||